صورة الانتحار على طريقة الساموراى فى أدب ميشيما يوكيو : (رقم التسجيلة. 83000)
[ عرض عادي ]
| 000 -LEADER | |
|---|---|
| fixed length control field | 03010cam a2200337 a 4500 |
| 003 - CONTROL NUMBER IDENTIFIER | |
| control field | EG-GiCUC |
| 005 - DATE AND TIME OF LATEST TRANSACTION | |
| control field | 20250223032842.0 |
| 008 - FIXED-LENGTH DATA ELEMENTS--GENERAL INFORMATION | |
| fixed length control field | 211103s2021 ua f m 000 0 jpn d |
| 040 ## - CATALOGING SOURCE | |
| Original cataloging agency | EG-GiCUC |
| Language of cataloging | ara |
| Transcribing agency | EG-GiCUC |
| 041 0# - LANGUAGE CODE | |
| Language code of text/sound track or separate title | jpn |
| 049 ## - LOCAL HOLDINGS (OCLC) | |
| Holding library | ايداع |
| 097 ## - Thesis Degree | |
| Thesis Level | ماجستير |
| 099 ## - LOCAL FREE-TEXT CALL NUMBER (OCLC) | |
| Classification number | Cai01.02.15.M.A.2021.مى.ص |
| 100 0# - MAIN ENTRY--PERSONAL NAME | |
| Personal name | ميرنا وفيق عبدالعزيز طموم |
| 245 10 - TITLE STATEMENT | |
| Title | صورة الانتحار على طريقة الساموراى فى أدب ميشيما يوكيو : |
| Remainder of title | دراسة نقدية مقارنة لقصتى "يوكوكو" حب الوطن و الجياد الهاربة = The image of Suicide in the Samurai way in Mishima Yukio{u2019}s literature , A comparative critical study of "Patriotism" and 2Runaway horses3 stories / |
| Statement of responsibility, etc. | ميرنا وفيق عبدالعزيز طموم ؛ إشراف عادل أمين صالح : كرم خليل سالم |
| 246 15 - VARYING FORM OF TITLE | |
| Title proper/short title | The image of Suicide in the Samurai way in Mishima Yukio{u2019}s literature : |
| Remainder of title | A comparative critical study of "Patriotism" and 2Runaway horses3 stories |
| 260 ## - PUBLICATION, DISTRIBUTION, ETC. | |
| Place of publication, distribution, etc. | القاهرة : |
| Name of publisher, distributor, etc. | ميرنا وفيق عبدالعزيز طموم : |
| Date of publication, distribution, etc. | 2021 |
| 300 ## - PHYSICAL DESCRIPTION | |
| Extent | 231ص ؛ |
| Dimensions | 25سم |
| 502 ## - DISSERTATION NOTE | |
| Dissertation note | اطروحة (ماجستير) - جامعة القاهرة - كلية الآداب - قسم اللغة اليابانية و آدابها |
| 520 ## - SUMMARY, ETC. | |
| Summary, etc. | يهدف هذا البحث الى تسليط الضوء على صورة الإنتحار على طريقة الساموراى فى أدب ميشيما يوكيو: من خلال دراسة نقدية مقارنة لروايتى "حب الوطن" و ي"الجياد الهاربة". و يتناول البحث صورة الإنتحار على طريقة الساموراى من وجهة نظر أدبية: بالإضافة الى تأثر ميشيما بادبه و انعكاسه على حياته الشخصية. و طبقا لمشكلة البحث تم اختيار كلا من المنهج التكاملى و المنهج التحليلى الوصفى لهذه الدراسة. و قامت الباحثة بتقسيم البحث الى مقدمة و ثلاثة أبواب و خاتمة. و توصلت الدراسة الى أن الإنتحار على طريقة الساموراى يمثل للأديب الجمال و السعادة و الحرية و الولاء و الرجولة: و أن تأثر الكاتب بفكر بالساموراى انعكس على أدبه: كما انعكس أدبه على حياته الشخصية. بالإضافة الى أنه قام بتطبيق ما كتبه فى "الجياد الهاربة" فى حياته الحقيقية |
| 530 ## - ADDITIONAL PHYSICAL FORM AVAILABLE NOTE | |
| Additional physical form available note | صدر ايضا كقرص مدمج |
| 653 #4 - INDEX TERM--UNCONTROLLED | |
| Uncontrolled term | بوشى |
| 653 #4 - INDEX TERM--UNCONTROLLED | |
| Uncontrolled term | ساموراى |
| 653 #4 - INDEX TERM--UNCONTROLLED | |
| Uncontrolled term | ميشيما يوكيو |
| 700 0# - ADDED ENTRY--PERSONAL NAME | |
| Personal name | عادل أمين صالح : |
| Relator term | |
| 700 0# - ADDED ENTRY--PERSONAL NAME | |
| Personal name | كرم خليل سالم : |
| Relator term | |
| 856 ## - ELECTRONIC LOCATION AND ACCESS | |
| Uniform Resource Identifier | <a href="http://172.23.153.220/th.pdf">http://172.23.153.220/th.pdf</a> |
| 905 ## - LOCAL DATA ELEMENT E, LDE (RLIN) | |
| Cataloger | Nazla |
| Reviser | Revisor |
| 905 ## - LOCAL DATA ELEMENT E, LDE (RLIN) | |
| Cataloger | Samia |
| Reviser | Cataloger |
| 942 ## - ADDED ENTRY ELEMENTS (KOHA) | |
| Source of classification or shelving scheme | Dewey Decimal Classification |
| Koha item type | Thesis |
| Source of classification or shelving scheme | Not for loan | Home library | Current library | Date acquired | Full call number | Barcode | Date last seen | Koha item type | Copy number |
|---|---|---|---|---|---|---|---|---|---|
| Dewey Decimal Classification | المكتبة المركزبة الجديدة - جامعة القاهرة | قاعة الرسائل الجامعية - الدور الاول | 11.02.2024 | Cai01.02.15.M.A.2021.مى.ص | 01010100028888000 | 22.09.2023 | Thesis | ||
| Dewey Decimal Classification | المكتبة المركزبة الجديدة - جامعة القاهرة | مخـــزن الرســائل الجـــامعية - البدروم | 11.02.2024 | Cai01.02.15.M.A.2021.مى.ص | 01020100028888000 | 22.09.2023 | CD - Rom | 28888.CD |